| 000 | 005670000a22001930004500 | ||
|---|---|---|---|
| 001 | 34608 | ||
| 010 | _a978-989-96791-5-3 | ||
| 090 | _a34608 | ||
| 100 | _a20141024d2011 a y0pory5003 ba | ||
| 101 | 0 | _apor | |
| 102 | _aPT | ||
| 200 | 1 |
_aA estrelinha pálida _fPedro Seromenho |
|
| 210 |
_aBraga _cPaleta de Cores _d2011 |
||
| 215 |
_a[32] p. _cmuito il. |
||
| 675 |
_a087.5-053.5 _vBN _zpor |
||
| 675 |
_a821.134.3-34 _vBN _zpor |
||
| 700 | 1 |
_aSeromenho _bPedro _f1975- |
|
| 942 |
_cMON _n0 |
||
| 999 |
_a34608 _bBibliobase - BMTAV _c2019-01-21 |
||